Online Catalogue and eLibrary

Judiciary and good governance in contemporary Tanzania (Record no. 2827)

MARC details
000 -LEADER
fixed length control field 00426nam a2200157Ia 4500
005 - DATE AND TIME OF LATEST TRANSACTION
control field 20240604022240.0
008 - FIXED-LENGTH DATA ELEMENTS--GENERAL INFORMATION
fixed length control field 240331s9999 xx 000 0 und d
020 ## - INTERNATIONAL STANDARD BOOK NUMBER
ISBN 0805505x
082 ## - DDC Classification
Item Number - Author Mark BUK
Class No. 342
100 ## - MAIN ENTRY--PERSONAL NAME
Personal name Bukurura, Hemed Sufian
245 #0 - TITLE STATEMENT
Title Judiciary and good governance in contemporary Tanzania
260 ## - PUBLICATION, DISTRIBUTION, ETC.
Place of publication, distribution, etc. Norway
Name of publisher, distributor, etc. Chr. Michelsen Institute
Date of publication, distribution, etc. 1995
300 ## - PHYSICAL DESCRIPTION
Extent (e.g. Volumes, Pages etc.) v, 70 p.,
650 ## - SUBJECT ADDED ENTRY--TOPICAL TERM
Topical term or geographic name entry element Social Science
942 ## - Koha item type (Biblio)
Koha item type Books in Stacks (Lending)
Holdings
Lost status Damaged status Collection code Home library Current library Shelving location Date acquired Full call number Accession Number Item type
    Lending WERC Library WERC Library Social Science Cupboard 03/31/2024 342 BUK 5203 Books in Stacks (Lending)

© WERC Library